000 00836nam a2200253 i 4500
001 bg
100 1 _aGilat, Amos.
245 0 0 _aNumerical methods for engineers and scientists :
_ban introduction with applications using MATLAB /
_cAmos Gilat, Vish Subramaniam.
260 _aHoboken :
_bJohn Wiley & Sons,
_ccop. 2008.
300 _aXX, 458 s. :
_bil. ;
_c26 cm
504 _aIndeks.
650 9 _aAnaliza numeryczna
_xstosowanie
_xtechnika
650 9 _aMatlab
_xstosowanie
700 1 _aSubramanian, Vish.
020 _a9780471734406
040 _cBPK
041 1 _aeng
044 _ausa
080 _a519.61/.64:004.42:62
920 _a978-0-471-73440-6
942 _cKS
008 s pl f |000 0 pol
999 _c53966
_d53966
856 _uhttp://koha.tu.koszalin.pl/cgi-bin/koha/opac-detail.pl?biblionumber=53966
_yKatalog online BPK